ABCdario / (Record no. 181991)

MARC details
000 -CABECERA
campo de control de longitud fija 00640nam a2200217 a 4500
005 - FECHA Y HORA DE LA ÚLTIMA TRANSACCIÓN
campo de control 20240831063806.0
008 - ELEMENTOS DE LONGITUD FIJA--INFORMACIÓN GENERAL
campo de control de longitud fija 160428s2010 es r 000 0 spa d
020 ## - NÚMERO INTERNACIONAL NORMALIZADO PARA LIBROS
Número Internacional Estándar del Libro 9788492683185
035 ## - NÚMERO DE CONTROL DEL SISTEMA
Número de control de sistema UPN01000209890
049 ## - COLECCIÓN
Colección I
050 #4 - SIGNATURA TOPOGRÁFICA DE LA BIBLIOTECA DEL CONGRESO
Número de clasificación PQ6722 E6.7
Número de documento/Ítem A2.3
100 1# - ASIENTO PRINCIPAL--NOMBRE PERSONAL
Nombre de persona Ventura, Antonio,
Fechas asociadas al nombre 1954-
9 (RLIN) 31811
245 10 - MENCIÓN DE TÍTULO
Título ABCdario /
Mención de responsabilidad, etc. Antonio Ventura ; il. Noemí Villamueza.
260 ## - PUBLICACIÓN, DISTRIBUCIÓN, ETC.
Lugar de publicación, distribución, etc. Madrid :
Nombre del editor, distribuidor, etc. Nórdica Libros,
Fecha de publicación, distribución, etc. 2010.
300 ## - DESCRIPCIÓN FÍSICA
Extensión [60] p. :
Otras características físicas il . col.
650 #4 - ASIENTO SECUNDARIO DE MATERIA - TERMINO TEMATICO
Término de materia o nombre geográfico como elemento de entrada Cuentos infantiles españoles
9 (RLIN) 7725
650 #4 - ASIENTO SECUNDARIO DE MATERIA - TERMINO TEMATICO
Término de materia o nombre geográfico como elemento de entrada ALFABETO -
Subdivisión de forma LITERATURA INFANTIL
9 (RLIN) 11217
905 ## - TIPO DE MATERIAL
Tipo de material Infantil
Holdings
Estado de retiro Estado de pérdida Fuente del sistema de clasificación o colocación Estado dañado No para préstamo Código de colección Localización permanente Ubicación/localización actual Ubicación en estantería Fecha de adquisición Clasificación Código de barras Fecha visto por última vez Número de copia Tipo de ítem Koha
    Library of Congress Classification     Infantil Bib. Gregorio Torres Quintero Bib. Gregorio Torres Quintero Sala infantil Planta baja 10/05/2023 PQ6722 E6.7 A2.3 310345 31/12/2020 1 Libro